| 000 | 01078nam a22002417a 4500 | ||
|---|---|---|---|
| 999 |
_c59501 _d59501 |
||
| 003 | Ge_BSU | ||
| 005 | 20230301141757.0 | ||
| 008 | 230301s1998 ge ||||| |||| 00| 0 geo d | ||
| 020 | _a9992822260 | ||
| 041 | _ageo | ||
| 080 | _a347.42 ჩ-59 | ||
| 100 |
_aჩიკვაშვილი, შალვა _916624 |
||
| 245 |
_aმორალური ზიანი სამოქალაქო სამართალში / _cშალვა ჩიკვაშვილი ; [რედ. თედო ნინიძე]. |
||
| 264 |
_aთბილისი : _bმერიდიანი, _c1998. |
||
| 300 |
_a203გვ. ; _b 20სმ. |
||
| 501 | _aდანართი: გვ. 169-198. | ||
| 504 | _a ბიბლიოგრ. ტექსტ. შენიშვნ. | ||
| 520 | _a რეზ. რუს. და ინგლ. | ||
| 653 | _aმორალური ზიანი | ||
| 653 | _aსამოქალაქო სამართალი | ||
| 700 |
_aნინიძე, თედო _eრედაქტორი _9259 |
||
| 942 |
_2udc _cBK |
||